banner koha

Avaliacao da eficiencia de fungicidas no controle da podridao de Alternaria, em pos-colheita, em maca (Malus domestica Bork) (Registro n. 118205)

MARC details
000 -LÍDER
campo de controle de tamanho fixo 00950nas a2200277 4500
001 - NÚMERO DE CONTROLE
campo de controle BR8601547
003 - IDENTIFICADOR DO NÚMERO DE CONTROLE
campo de controle BR-BrBNA
005 - DATA E HORÁRIO DA ÚLTIMA TRANSAÇÃO
campo de controle 20231205090414.0
007 - CAMPO FIXO DE DESCRIÇÃO FÍSICA--INFORMAÇÃO GERAL
campo de controle de tamanho fixo ta
008 - CAMPO DE DADOS FIXOS--INFORMAÇÃO GERAL
campo de controle de tamanho fixo 230509b bl.|||p| |||| 00| 00por d
040 ## - FONTE DA CATALOGAÇÃO
Instituição da catalogação original BR-BrBNA
Idioma da catalogação por
Instituição que transcreveu o registro Biblioteca Nacional de Agricultura
041 ## - CÓDIGO DE IDIOMA
Código do idioma do texto/trilha sonora ou título diferente (Pt)
072 ## - CÓDIGO DE CATEGORIA DE ASSUNTO
Código de Categoria de Assunto J11
100 1# - ENTRADA PRINCIPAL--NOME PESSOAL
Nome pessoal Brackmann, A.
100 1# - ENTRADA PRINCIPAL--NOME PESSOAL
Nome pessoal Garibaldi, N.
100 1# - ENTRADA PRINCIPAL--NOME PESSOAL
Nome pessoal Mauch, N.
245 1# - TÍTULO
Título Avaliacao da eficiencia de fungicidas no controle da podridao de Alternaria, em pos-colheita, em maca (Malus domestica Bork)
246 1# - FORMA VARIANTE DO TÍTULO
Título/título abreviado [Evaluation of fungicide efficiency on the control of fruit rot caused by Alternaria in post-harvest period, in apple (Malus domestica Bork)]
650 ## - ASSUNTO--TERMO TÓPICO
Cabeçalho tópico ou nome geográfico MACA
650 ## - ASSUNTO--TERMO TÓPICO
Cabeçalho tópico ou nome geográfico PODRIDAO
650 ## - ASSUNTO--TERMO TÓPICO
Cabeçalho tópico ou nome geográfico FUNGICIDA
650 ## - ASSUNTO--TERMO TÓPICO
Cabeçalho tópico ou nome geográfico POS-COLHEITA
773 0# - ENTRADA ANALÍTICA
Título Agros (Brazil)
ISSN - International Standard Serial Number ISSN 0365-2742
Partes relacionadas (1985), v. 20(1-4) p. 87-91
Número de controle do registro BR8601547
909 ## -
-- 202311
-- Lúcia
-- 55
-- Lúcia Elande
942 ## - ELEMENTOS DE ENTRADA ADICIONADOS (KOHA)
Fonte da classificação ou esquema de arquivamento na estante Classificação AGRIS
Ocultar no OPAC Não
Tipo de material Koha Analítica
Exemplares
Situação do descarte Fonte da classificação ou esquema de arquivamento na estante Situação física Não pode ser emprestado Biblioteca de origem Biblioteca atual Localização na estante Enumeração do periódico / cronologia Total de empréstimos Data de último acesso Número do exemplar Tipo de material Koha Fonte de aquisição
  Classificação AGRIS   Consulta local Biblioteca Nacional de Agricultura - Binagri Biblioteca Nacional de Agricultura - Binagri   (1985), v. 20(1-4) p. 87-91   29/11/2023 01 Periódicos Portaria Interministerial nº 164/94

BINAGRI

Telefone: (61)3218-2567/2388/3357/2097 - binagri@agro.gov.br

Ministério da Agricultura e Pecuária , Esplanada dos Ministérios, Bloco D, Anexo B, Brasília/DF, CEP: 70.043-900